000 01150nam a22003017a 4500
005 20240530110412.0
008 150219s2006 ua obj a 001 0 ara d
017 _a18772/2006
_bمصر . دار الكتب المصرية
020 _a9771436333
040 _aEG-CaGPL
041 0 _aara
082 0 4 _221
_a500.2
_bط/ن ن
100 1 _aجيروم ، كيت بويهم
245 _aعلم الحياة :
_bحماية الكوكب /
_cتاليف كيت بويهم جيروم ؛ ترجمة سيد بهلول ؛ اشراف داليا محمد ابراهيم
250 _aط1
260 _aالقاهرة :
_bنهضة مصر للطباعة والنشر والتوزيع ،
_c2006
300 _a32 ص :
_bايض ؛
_c24 سم
490 0 _aناشيونال جيوجرافيك
650 0 4 _aحماية البيئة
650 0 4 _aالهواء
_xتلوث
650 0 4 _aالتلوث
_xازالة
650 0 4 _aالصحة الوقائية
650 0 4 _aالنظافة
700 0 _aسيد بهلول
_eمترجم
700 0 _aداليا محمد ابراهيم
_eمشرف
942 _2ddc
_cBK
999 _c60484
_d60484